|
|
|
|
| LEADER |
00931nam a2200337 4500 |
| 001 |
DLU030023270 |
| 005 |
##20010829113231.0 |
| 008 |
##010227s2001 nyua 001 0 eng |
| 010 |
# |
# |
|a 2001027366
|
| 020 |
# |
# |
|a 0333949633 (cloth)
|
| 040 |
# |
# |
|a DLC
|c DLC
|d DLC
|
| 042 |
# |
# |
|a pcc
|
| 050 |
# |
# |
|a HF5548.32
|b .C478 2001
|
| 082 |
# |
# |
|a 658
|b CH-D
|
| 100 |
# |
# |
|a Chorafas, Dimitris N.
|
| 245 |
# |
# |
|a The Internet supply chain :
|b impact on accounting and logistics /
|c Dimitris N. Chorafas.
|
| 260 |
# |
# |
|a New York :
|b Palgrave,
|c 2001.
|
| 300 |
# |
# |
|a xxii, 298 p. :
|b ill. ;
|c 23 cm.
|
| 500 |
# |
# |
|a Includes index.
|
| 650 |
# |
# |
|a Accounting.
|
| 650 |
# |
# |
|a Business logistics
|x Automation.
|
| 650 |
# |
# |
|a Electronic commerce.
|
| 992 |
# |
# |
|a 97.50
|
| 994 |
# |
# |
|a DLU
|
| 900 |
# |
# |
|a True
|
| 911 |
# |
# |
|a Thái Thị Thanh Thủy
|
| 925 |
# |
# |
|a G
|
| 926 |
# |
# |
|a A
|
| 927 |
# |
# |
|a SH
|
| 980 |
# |
# |
|a Thư viện Trường Đại học Đà Lạt
|